Statistics for Countries That Have Controlled Jerusalem

Click here to take the quiz!

General Stats

  • This quiz has been taken 4,165 times
  • The average score is 21 of 32

Answer Stats

Country% Correct
Egypt Eyalet
(de jure - Ottoman Empire)
97%
Israel
96%
Ottoman Empire
94%
United Kingdom
94%
Byzantine Empire
92%
United Monarchy
92%
Roman Empire
91%
Roman Republic
91%
Mamluk Sultanate
89%
Ayyubid Sultanate
88%
Ancient Egypt
87%
Ikhshidids
87%
Ptolemaic Kingdom
87%
Tulunids
87%
Achaemenid Empire
77%
Sasanian Empire
77%
Jordan
72%
Macedonian Empire
57%
Neo-Babylonian Empire
56%
Parthian Empire
52%
Neo-Assyrian Empire
51%
Laomedon's Satrapy
(Coele-Syria)
50%
Umayyad Caliphate
50%
Kingdom of Jerusalem
49%
Kingdom of Judah
48%
Abbasid Caliphate
47%
Hasmonean Kingdom
40%
Rashidun Caliphate
35%
Seleucid Empire
25%
Great Seljuk Empire
24%
Fatimid Caliphate
19%
Antigonid Empire
8%

Score Distribution

Percentile by Number Answered

Percent of People with Each Score

Your Score History

You have not taken this quiz